| 000 | 00946nam a2200277 i 4500 | ||
|---|---|---|---|
| 003 | EG-GICUC | ||
| 005 | 20260421092323.0 | ||
| 008 | 260421s1925 au ||||fr|||| 001 0 eng d | ||
| 040 |
_aEG-GiCUC _beng _cEG-GiCUC _dEG-GiCUC _erda |
||
| 082 | 0 | 4 |
_221 _a343 _bGO.C |
| 092 | 0 | 4 | _221 |
| 099 | _aLaw 1 10 343 GO.C 1925 | ||
| 100 | 1 | _a Goadby, Frederic M. | |
| 245 |
_aCommentary on Egyptian Criminal Law : _band the related Criminal Law of Palestine, Cyprus, and Iraq / _cFrederic M. Goadby |
||
| 264 |
_aCairo : _bGovernment Press, _c1925. |
||
| 300 |
_a1073 pages : _c24 cm |
||
| 336 |
_2rda content _atext |
||
| 337 |
_2rda media _aComputer |
||
| 338 |
_2rda carrier _aOnline Resource |
||
| 504 | _aIncludes bibliographical references and index. | ||
| 650 | 1 |
_aCriminal Law - The general part. _2qrmak |
|
| 651 | 1 | _2qrmak | |
| 856 | 4 | 0 | _uhttps://fll.law.cu.edu.eg/fulltext/bks/B10-09993.pdf |
| 905 |
_a168 _eEman |
||
| 942 |
_2ddc _cBK _e21 _n0 |
||
| 999 |
_c72520 _d72520 |
||